000
00316 a2200145 4500
001
151087
040
_c
Escola São Tomás de Aquino
100
_a
RITER, Caio
240
1
0
_a
O tato do gato
_l
por
245
1
0
_a
O tato do gato
362
0
_a
2011
440
1
_a
Edelbra
697
_a
*LITERATURA INFANTO
942
_c
BK
999
_c
151087
_d
151087